000 02881nam a2200337Ia 4500
999 _c55615
_d55615
001 22710
003 GE_BSU
005 20211015112300.0
008 181216s2017||||ge |||||||||||||| ||geo||
020 _a9789941272257
040 _cGE_BSU
041 _ageo
080 _a613.83+615.212.7+616 ი-53
100 _aინაბა, დერილ ს. უილიამ ე. კოენი.
_912659
245 _aცადამყვანები, გამაბრუებლები და სხვები :
_bფსიქოაქტიური საშუალებების ფიზიკური და ფსიქიკური ეფექტები /
_cდერილ ს. ინაბა, უილიამ ე. კოენი; რედაქტორი: ნინო აღდგომელაშვილი; მთარგმნელები: მაკა ჩხეიძე, ქეთევან თოდაძე და სხვ.
250 _aმერვე გამოცემა.
264 _aთბილისი :
_b[გ.გ.],
_c2017.
300 _a448 გვ. :
_bფოტ., ცხრ. ;
_c30 სმ.
300 _bთავფურცლის მე-2 გვერდი ინგლ. ენაზე.
300 _cბიბლიოგრ.: გვ. 421-448.
500 _aგამოცემა დაფინანსებულია ევროკომისიის დაფინანსების მექანიზმის გამოყენებით, პროექტის "ადამიანური რესურსების მტკიცებულებათა ბაზისა და ხარისხის სტანდარტების განვითარება საქართველოს ადიქტოლოგიაში" ფარგლებში.
541 _h25ლ.
653 _aმედიცინა
653 _aფსიქოაქტიური ნივთიერებები. წამალთდამოკიდებულება. ფსიქიატრული დაავადებები.
653 _aცადამყვანები, გამაბრუებლები და სხვები : ფსიქოაქტიური საშუალებების ფიზიკური და ფსიქიკური ეფექტები
700 _aუილიამ ე., კოენი
_eავტორი
_912660
700 _aაღდგომელაშვილი, ნინო
_eრედაქტორი
_912661
700 _a ჩხეიძე, მაკა
_eმთარგმნელი
_912662
700 _aთოდაძე, ქეთევან
_eმთარგმნელი
_912663
942 _cBK
_2udc